| 000 | 00386nam a2200157Ia 4500 | ||
|---|---|---|---|
| 008 | 230711s9999||||xx |||||||||||||| ||und|| | ||
| 020 | _a81-7041-039-8 | ||
| 041 | _aENG | ||
| 082 |
_a630 _bCH-D |
||
| 100 | _aChhatwal, Gurdeep | ||
| 245 | 0 | _aDictionary of Agriculture | |
| 260 |
_c2003 _aNew Delhi _bAnmol Publication(P) Ltd. |
||
| 300 | _a335p. | ||
| 650 | _aAgriculture | ||
| 942 | _cBK | ||
| 999 |
_c7543 _d7543 |
||